खिलौना गाड़ी / (Record no. 116208)

MARC details
000 -LEADER
fixed length control field 01061nam a22002777a 4500
003 - CONTROL NUMBER IDENTIFIER
control field dpl
005 - DATE AND TIME OF LATEST TRANSACTION
control field 20180912131034.0
008 - FIXED-LENGTH DATA ELEMENTS--GENERAL INFORMATION
fixed length control field 180912b xxu||||| |||| 00| 0 eng d
010 ## - LIBRARY OF CONGRESS CONTROL NUMBER
LC control number B-071583
020 ## - INTERNATIONAL STANDARD BOOK NUMBER
Terms of availability 300.00
International Standard Book Number 8179020045
035 ## - SYSTEM CONTROL NUMBER
System control number B-071583, B-071587
037 ## - SOURCE OF ACQUISITION
Source of stock number/acquisition Cen Lib/Ret
040 ## - CATALOGING SOURCE
Original cataloging agency DPL
Language of cataloging HN
Transcribing agency 0
082 ## - DEWEY DECIMAL CLASSIFICATION NUMBER
Classification number
Item number मित्तल
100 ## - MAIN ENTRY--PERSONAL NAME
Personal name मित्तल, महेन्द्र
9 (RLIN) 65352
245 ## - TITLE STATEMENT
Title खिलौना गाड़ी /
Statement of responsibility, etc महेंद्र मित्तल
246 ## - VARYING FORM OF TITLE
Title proper/short title Khilona gadi /
Remainder of title by Mahendra Mittal
260 ## - PUBLICATION, DISTRIBUTION, ETC. (IMPRINT)
Place of publication, distribution, etc दिल्ली
Name of publisher, distributor, etc सावित्री प्रकाशन
Date of publication, distribution, etc 2002
270 ## - ADDRESS
City दिल्ली
Address 1376, कश्मीरी गेट
Postal code 110006
300 ## - PHYSICAL DESCRIPTION
Extent 303पृ.
Dimensions 19सेमी (सजिल्द)
650 ## - SUBJECT ADDED ENTRY--TOPICAL TERM
Topical term or geographic name as entry element हिंदी साहित्य
9 (RLIN) 65353
650 ## - SUBJECT ADDED ENTRY--TOPICAL TERM
Topical term or geographic name as entry element हिंदी उपन्यास
9 (RLIN) 65354
650 ## - SUBJECT ADDED ENTRY--TOPICAL TERM
Topical term or geographic name as entry element Hindi literature
9 (RLIN) 65355
650 ## - SUBJECT ADDED ENTRY--TOPICAL TERM
Topical term or geographic name as entry element Hindi fiction
9 (RLIN) 27248
942 ## - ADDED ENTRY ELEMENTS (KOHA)
Source of classification or shelving scheme Dewey Decimal Classification
Koha item type Hindi Books
Classification part
Call number suffix मित्तल
Holdings
Withdrawn status Lost status Damaged status Not for loan Home library Current library Date acquired Source of acquisition Cost, normal purchase price Total Checkouts Full call number Barcode Date last seen Copy number Cost, replacement price Price effective from Koha item type Source of classification or shelving scheme Collection code Shelving location
        Central Library Central Library 22/08/2015 Cen Lib/Ref 300.00   उ मित्तल B-071583 22/08/2015 1 300.00 22/08/2015 Hindi Books      
        Patel Nagar Patel Nagar 31/03/2003 BPPD/PUB 300.00   उ मित्तल B-071584 27/02/2020 1 300.00 27/02/2020 Hindi Books Dewey Decimal Classification Fiction Fiction
        Shahdara Branch Shahdara Branch 12/09/2018 BPPD/PUB 300.00   उ मित्तल B-071587 12/09/2018   300.00 12/09/2018 Hindi Books Dewey Decimal Classification Fiction  

© Delhi Public Library
Hit Counter
free hit counter